Modern Talking - The First Album - Statistics

General Stats
  • This quiz has been taken 20 times
  • The average score is 8 of 9
Answer Stats
Lyrics Song % Correct
You don't fit in a small town world But I feel you're the girl for me Rings on your fingers, paint on your toes You're leaving town where nobody knows You can win if you want
100%
Let's close the door and believe my burnin' heart Feeling all right come on, open up your heart I'll keep the candles burning Let your body melt in mine You're my heart, you're my soul
100%
I feel your heart-tune I feel the sound move I hear the last tune Over and over again Without end Lucky guy
94%
Oh my God, you really think you have it made Your heart is won, with first class expenses paid You drink campaign, eat caviar A colour TV in the back of your car Diamonds never made a lady
89%
Oh, you stood in the light of an old cafe You're flaming nice breaking up my heart And you danced in the night in the magic light And you gave my live a brand new start Bells of Paris
83%
I hear your heartbeat, heartbeat, heartbeat Playing with my mind Oh, I need you wrapped around me Just like I be on a veil Do you wanna
83%
Love takes time, it's hard to find that's true Not a game you play, a night or two Take my heart, let's make it real tonight We'll be dancin' to the pale moonlight The night is yours-the night is mine
83%
Know that I can't let you go Dim all the lights and let me hold you so tight The night is yours and mine You're looking fine Just tonight One in a million
78%
Look at me I'm lucky one Without feelings you can't be strong Though I call you in the night To hear your voice, Feel you deep inside deep inside, deep inside There's too much blue in missing you
78%
No matching quizzes found
Score Distribution
Percent of People with Each Score
Percentile by Number Answered
Your Score History
You have not taken this quiz